000
00202nam a22000857a 4500
008
161217b xxu||||| |||| 00| 0 eng d
100
_9
2096
_a
Kaur.K.
245
_a
Kids Creative Art-2
260
_b
Cordava
_c
2009
999
_c
4979
_d
4979